00510nam a2200193 a 4500001001300000003000900013005001700022008004100039020001000080082001700090100002400107245001900131260005400150300000800204500003500212505003200247650001300279700002400292nice12345678IN_TiNIC20260116011744.0050524s1950 hyda grp 000 0 urd  ac10000a297.831bSIR aSirajullah, Saiyyid aTanbihul Abrar aHyderabad bMarkazi Anjuman Taleemus Salat c1950 a44p aincludes index and biblioraphy2 athree parts of first volume aMahdavia1 aSirajullah, Saiyyid